000 00892nam a2200265 i 4500
001 82234
003 ES-MaACL
005 20250804062601.0
007 t|
008 041202s2004 sp ||||1| spa d
020 _a84-206-5723-9
080 _a940
245 0 0 _aBreve historia de Europa /
_cJean Carpentier y François Lebrun (dirs.) ; en colaboración con J.-P. Arrignon ... [et al.].
250 _a1ª ed. en Area de conocimiento.
260 _aMadrid :
_bAlianza Editorial,
_c2004.
300 _a754 p. ;
_c17 cm.
490 1 _aEl libro de bolsillo. Humanidades ;
_v4225
651 _aEuropa-
_xHistoria.
_98599
700 1 _aCarpentier, Jean.
_935444
700 1 _aLebrun, François.
_971040
700 1 _aArrignon, J.-P.
_923308
830 0 3 _aEl libro de bolsillo.
_pHumanidades
_v4225
_9178672
852 _aES-MaACL
_jL-28573
_bR.134164
999 _c82234
_d82234